| 000 | 00755nam a2200253 a 4500 | ||
|---|---|---|---|
| 001 | BRCA_5423 | ||
| 005 | 20190320205054.0 | ||
| 008 | 131210s1948----au-a######---#000-0#ger-# | ||
| 041 | _ager | ||
| 044 | _aau | ||
| 050 | 4 |
_aND588 _b.B38 1948 |
|
| 100 | 1 |
_aBaum, Iulius _913855 |
|
| 245 | 1 | 0 |
_aMartin Schongauer _cIulius Baum. |
| 260 |
_aViena _bAnton Schroll _c1948 |
||
| 300 |
_a80 p. _bil., (algunas a color) 216 láminas _c25 cm. |
||
| 440 | 0 |
_aSammlung Schroll _913824 |
|
| 500 | _aIncluye índicede ilustraciones, un directorio general e índice onamástico | ||
| 500 | _aE140 | ||
| 600 | 1 | 4 |
_aSchongauer, Martín _d1445-1491 _913015 |
| 650 | 1 | 4 |
_aPintores alemanes _9797 |
| 650 | 1 | 4 |
_aGrabadores alemanes _97216 |
| 902 | _aGFM | ||
| 942 |
_2lcc _cB |
||
| 999 |
_c5117 _d5117 |
||